000 00522cam a22002171 4500
001 sa 63003878
003 DLC
005 20260227111945.0
008 890514s1961 xx 000 0 hino
010 _asa 63003878
035 _a(OCoLC)23544064
040 _aDLC
_cMiU
_dDLC
042 _apremarc
050 0 0 _aBP174
_b.T52
100 1 _aThānvī, Ashraf ʻAlī.
245 1 0 _aDīn kī bāten.
260 _c[1961]
300 _a368 p.
_c19 cm.
500 _aRomanized.
650 0 _aIslam
_xCustoms and practices.
999 _c55344
_d55344